02247nam a2200325 a 4500001001500000005001700015008004100032020003600073020003000109040000600139050001500145082002700160100002100187245011600208260003200324300002100356490003800377520108100415650003701496650001801533650002801551650002201579650003001601650002401631830003801655856008201693942001201775999001701787952011701804ASIN041581921020170105102930.0140115s2013 xxu eng d a0415819210 (hardcover)c$125.00 a9780415819213 (hardcover) a004aPN4784.W3704a070.43330941bBEN 20131 aBennett, Daniel.10aDigital media and reporting conflict :bblogging and the bbc's coverage of war and terrorism /cDaniel Bennett. a[S.l.] :bRoutledge,c2013. a292 p. ;c24 cm.1 aRoutledge research in journalism. aThis book explores the impact of new forms of online reporting on the BBC’s coverage of war and terrorism. Informed by the views of over 100 BBC staff at all levels of the corporation, Bennett captures journalists’ shifting attitudes towards blogs and internet sources used to cover wars and other conflicts. He argues that the BBC’s practices and values are fundamentally evolving in response to the challenges of immediate digital publication. Ongoing challenges for journalism in the online media environment are identified: maintaining impartiality in the face of calls for more open personal journalism; ensuring accuracy when the power of the "former audience" allows news to break at speed; and overcoming the limits of the scale of the BBC’s news operation in order to meet the demands to present news as conversation. While the focus of the book is on the BBC’s coverage of war and terrorism, the conclusions are more widely relevant to the evolving practice of journalism at traditional media organizations as they grapple with a revolution in publication. 0aBritish Broadcasting Corporation 0aGreat Britain 0aJournalism--Objectivity 0aOnline journalism 0aTerrorism--Press coverage 0aWar--Press coverage 0aRoutledge research in journalism.403Amazon.comuhttp://www.amazon.com/exec/obidos/ASIN/0415819210/chopaconline-20 2ddccBK c16016d16016 001040708NFICaCIPSbCIPScGENd2013-11-21l0o070.43330941 BEN 2013pCIPS0002502r2014-01-15w2014-01-15yBK